000 00497nam a22001812 4500
001 0000008842
005 20151217160117.0
008 080612s xx 000 0 eng d
020 _a0521628032 :
_cKES 130
040 _aKABU
_cKABU
100 1 _aVan Heerden, Marjorie.
_@0000159623
245 1 0 _aBaobab /
_c Marjorie Van Heerden.
260 _aCambridge :
_bC. U. P.,
_c1998.
300 _a8 p.
908 _a080612
950 _@1
999 _c14417
_d14417